000 00467pab a2200181 454500
008 180718b1997 xxu||||| |||| 00| 0 eng d
100 _aBandyopadhyaya, S.K.
245 _aIs freedom a fantasy?
260 _c1997
300 _ap.51-54
362 _aAug
650 _aEconomic and social development - India
650 _aDemocracy
650 _aIndia - Politics and government
650 _aPolitics and government
773 _aKurukshetra
909 _a35362
999 _c35362
_d35362